[Event "DVM U20 2013"]
[Site "Osnabrück GER"]
[Date "2013.12.29"]
[Round "5"]
[White "Finke, Kai"]
[Black "Faldum, Manfred"]
[Result "1-0"]
[Termination "normal"]
[Board "3.3"]
[WhiteElo "2100"]
[BlackElo "1910"]
[WhiteTeam "SG Porz"]
[BlackTeam "Sfr.Heidesheim"]
[WhiteFideId "1270611"]
[BlackFideId "12921459"]
[EventCountry "GER"]
[EventRounds "7"]
[EventType "team-swiss"]
[EventDate "2013.12.26"]

1. d4 Nf6 2. c4 g6 3. Nc3 Bg7 4. e4 d6 5. f4 c5 6. d5 O-O 7. Nf3 e6 8. Be2 exd5
9. cxd5 Bg4 10. O-O Nbd7 11. h3 Bxf3 12. Bxf3 Re8 13. g4 h6 14. h4 h5 15. g5
Ng4 16. Bxg4 hxg4 17. Re1 c4 18. Be3 Bxc3 19. bxc3 Rxe4 20. Qxg4 Nb6 21. Bf2
Qe7 22. Rxe4 Qxe4 23. Re1 Qxd5 24. h5 gxh5 25. Qxh5 Qf5 26. Bd4 Qh7 27. Qf3 Qf5
28. Kf2 Qc2+ 29. Kg3 Qd3 30. Rh1 f5 31. g6 Kf8 32. Bf6 Ke8 33. Rh8+ Kd7 34.
Rxa8 1-0

[Event "DVM U20 2013"]
[Site "Osnabrück GER"]
[Date "2013.12.29"]
[Round "5"]
[White "Beck, Michael"]
[Black "Eigemann, Frederik"]
[Result "1/2-1/2"]
[Termination "normal"]
[Board "3.4"]
[WhiteElo "1958"]
[BlackElo "2015"]
[WhiteTeam "Sfr.Heidesheim"]
[BlackTeam "SG Porz"]
[WhiteFideId "1271924"]
[BlackFideId "24692034"]
[EventCountry "GER"]
[EventRounds "7"]
[EventType "team-swiss"]
[EventDate "2013.12.26"]

1. e4 e6 2. d3 d5 3. Nd2 Nf6 4. Ngf3 Be7 5. g3 c5 6. Bg2 Nc6 7. O-O O-O 8. Re1
b5 9. e5 Nd7 10. h4 a5 11. Nf1 b4 12. N1h2 Ba6 13. Bf4 a4 14. a3 Nb6 15. c3 Ra7
16. Bf1 Na5 17. Ng5 Qe8 18. Qg4 Kh8 19. Ngf3 bxc3 20. bxc3 Bb5 21. h5 Nb3 22.
Ra2 Nd7 23. h6 g6 24. Bg5 Rb7 25. Qf4 Bc6 26. Ng4 Bxg5 27. Nxg5 Qe7 28. Bg2 Rc7
29. Rb1 Rcc8 30. Bf3 Bb5 31. Be2 Kg8 32. Nf6+ Nxf6 33. exf6 Qc7 34. Qxc7 Rxc7
35. Nf3 c4 36. d4 Rb8 37. Bd1 Ra8 38. Ne5 1/2-1/2

[Event "DVM U20 2013"]
[Site "Osnabrück GER"]
[Date "2013.12.29"]
[Round "5"]
[White "Eigemann, Julian"]
[Black "Luzius, Jannik"]
[Result "1-0"]
[Termination "normal"]
[Board "3.5"]
[WhiteElo "1916"]
[BlackElo "1619"]
[WhiteTeam "SG Porz"]
[BlackTeam "Sfr.Heidesheim"]
[WhiteFideId "24666599"]
[BlackFideId "1271981"]
[EventCountry "GER"]
[EventRounds "7"]
[EventType "team-swiss"]
[EventDate "2013.12.26"]

1. Nc3 c5 2. Nf3 g6 3. g3 Bg7 4. Bg2 Nc6 5. e3 Nf6 6. O-O O-O 7. d4 cxd4 8.
exd4 d5 9. Re1 Bg4 10. h3 Bxf3 11. Bxf3 e6 12. Be3 a6 13. h4 Nd7 14. h5 Qf6 15.
hxg6 hxg6 16. Bg4 Nxd4 17. Nxd5 exd5 18. Bxd4 Qxd4 19. Qxd4 Bxd4 20. Bxd7 Rfd8
21. Ba4 b5 22. Bb3 Bxb2 23. Rad1 Rac8 24. Bxd5 Rxc2 25. Bxf7+ Kxf7 26. Rxd8 Bf6
27. Rd7+ Kf8 28. Re6 1-0

[Event "DVM U20 2013"]
[Site "Osnabrück GER"]
[Date "2013.12.29"]
[Round "5"]
[White "Pfeifer, Yannick"]
[Black "Spindler, Florian"]
[Result "0-1"]
[Termination "normal"]
[Board "3.6"]
[WhiteElo "1385"]
[BlackElo "1610"]
[WhiteTeam "Sfr.Heidesheim"]
[BlackTeam "SG Porz"]
[WhiteFideId "12953105"]
[BlackFideId "12964387"]
[EventCountry "GER"]
[EventRounds "7"]
[EventType "team-swiss"]
[EventDate "2013.12.26"]

1. e4 c5 2. Nf3 e6 3. d3 Nf6 4. g3 d5 5. Nbd2 Nc6 6. Bg2 b5 7. O-O Bb7 8. Re1
Be7 9. e5 Nd7 10. h3 Qc7 11. Nf1 Ncxe5 12. Nxe5 Nxe5 13. Bf4 Bd6 14. Nh2 Nd7
15. Bxd6 Qxd6 16. Qf3 O-O 17. Ng4 Rab8 18. h4 d4 19. Qe2 Bxg2 20. Kxg2 e5 21.
f3 f6 22. h5 Rbe8 23. Qd2 f5 24. Nf2 Nf6 25. Qg5 Nd5 26. Nd1 f4 27. g4 Ne3+ 28.
Nxe3 fxe3 29. Re2 Qd5 30. Rf1 Rf7 31. Qh4 Qxa2 32. b3 c4 33. bxc4 bxc4 34. Qe1
c3 35. Qa1 Qxa1 36. Rxa1 Ref8 37. Rf1 a5 38. Ree1 a4 39. Ra1 Ra7 40. Rfe1 a3
41. Reb1 a2 42. Rb5 Kf7 43. Rxe5 Rb8 0-1

[Event "DVM U20 2013"]
[Site "Osnabrück GER"]
[Date "2013.12.29"]
[Round "5"]
[White "Miller, Eduard"]
[Black "Fritsche, Oliver"]
[Result "1-0"]
[Termination "normal"]
[Board "4.1"]
[WhiteElo "2094"]
[BlackElo "1850"]
[WhiteTeam "SC Forchheim"]
[BlackTeam "SK Doppelbauer Kiel"]
[WhiteFideId "24687022"]
[BlackFideId "12913650"]
[EventCountry "GER"]
[EventRounds "7"]
[EventType "team-swiss"]
[EventDate "2013.12.26"]

1. e4 e6 2. d3 d5 3. Nd2 c5 4. Ngf3 Nc6 5. g3 Bd6 6. Bg2 Nge7 7. O-O O-O 8. Re1
Qc7 9. b3 Bd7 10. Bb2 d4 11. e5 Nxe5 12. Nxe5 Bxe5 13. Qh5 Ng6 14. Ne4 Bc6 15.
Ng5 h6 16. Nxe6 fxe6 17. Qxg6 Rf6 18. Qg4 Bxg2 19. Kxg2 Raf8 20. Re2 Qc6+ 21.
Kg1 Bc7 22. f4 Qd5 23. Rae1 Re8 24. Re4 Kh7 25. Bc1 Rg6 26. Qh3 Rf6 27. Bd2 a6
28. Qg2 Re7 29. R4e2 Qxg2+ 30. Kxg2 Kg6 31. c3 Kf7 32. cxd4 cxd4 33. Bb4 Rd7
34. Rc1 Rf5 35. Rec2 Bb6 36. Rc8 e5 37. Re1 a5 38. Rf8+ Kg6 39. Rxf5 Kxf5 40.
Rxe5+ Kf6 41. Bxa5 Bxa5 42. Rxa5 Re7 43. Re5 Rc7 44. Kf3 Rc2 45. Re2 Rc8 46. g4
b5 47. a4 Rc3 48. Ke4 Rxb3 49. axb5 Rxb5 50. Rc2 Rb4 51. h4 Rb1 52. Rc6+ Kf7
53. Rd6 Rh1 54. h5 Ke7 55. Rg6 Kf7 56. Kxd4 Rf1 57. Ke4 Re1+ 58. Kf5 Re8 59.
Ra6 Rd8 60. Ke4 1-0

[Event "DVM U20 2013"]
[Site "Osnabrück GER"]
[Date "2013.12.29"]
[Round "5"]
[White "Beeck, Mats"]
[Black "Killmann, Martin"]
[Result "1-0"]
[Termination "normal"]
[Board "4.2"]
[WhiteElo "1840"]
[BlackElo "1829"]
[WhiteTeam "SK Doppelbauer Kiel"]
[BlackTeam "SC Forchheim"]
[WhiteFideId "12936944"]
[BlackFideId "24651559"]
[EventCountry "GER"]
[EventRounds "7"]
[EventType "team-swiss"]
[EventDate "2013.12.26"]

1. c4 c5 2. g3 Nc6 3. Bg2 Nf6 4. Nf3 d5 5. cxd5 Nxd5 6. Nc3 e6 7. O-O Be7 8.
Nxd5 exd5 9. d4 O-O 10. dxc5 Bxc5 11. Bg5 f6 12. Bf4 Be6 13. a3 Qe7 14. b4 Bb6
15. b5 Na5 16. Bd2 Nc4 17. Bb4 Bc5 18. Nd4 Bf7 19. Bxc5 Qxc5 20. a4 Rfd8 21. e3
Rac8 22. Rc1 Qa3 23. Qb3 Qd6 24. Rfd1 Nd2 25. Qd3 Nc4 26. Qe2 Qb4 27. Bh3 Rb8
28. Nf5 Ne5 29. Rd4 Qf8 30. f4 Nc4 31. e4 Nd6 32. exd5 Nxf5 33. Bxf5 Rxd5 34.
Rxd5 Bxd5 35. Bxh7+ Kxh7 36. Qh5+ Kg8 37. Qxd5+ Kh8 38. Qh5+ Kg8 39. Qd5+ Kh8
40. f5 Qe7 41. Qe6 Re8 42. Qxe7 Rxe7 43. Rc8+ Kh7 44. Ra8 b6 45. Kf2 Kh6 46. h4
g6 47. fxg6 Kxg6 48. g4 Re4 49. h5+ Kg5 50. Rxa7 Kxg4 51. h6 Kf5 52. h7 Rh4 53.
Kg3 Rh1 54. a5 Ke6 55. axb6 Kd6 56. b7 Kc7 57. b6+ 1-0

[Event "DVM U20 2013"]
[Site "Osnabrück GER"]
[Date "2013.12.29"]
[Round "5"]
[White "Mann, Johannes"]
[Black "Pluska, Alexander"]
[Result "1-0"]
[Termination "normal"]
[Board "4.3"]
[WhiteElo "1910"]
[BlackElo "1873"]
[WhiteTeam "SC Forchheim"]
[BlackTeam "SK Doppelbauer Kiel"]
[WhiteFideId "24691380"]
[BlackFideId "12975141"]
[EventCountry "GER"]
[EventRounds "7"]
[EventType "team-swiss"]
[EventDate "2013.12.26"]

1. d4 d5 2. c4 c6 3. Nf3 Nf6 4. Nc3 e6 5. e3 Bd6 6. Qc2 O-O 7. b3 b6 8. Be2 Bb7
9. O-O Nbd7 10. Bb2 Qe7 11. Rfd1 Rac8 12. Rac1 Rfd8 13. g3 Bb8 14. e4 dxe4 15.
Nxe4 c5 16. Nxf6+ Nxf6 17. dxc5 bxc5 18. Qc3 e5 19. Nd2 Rd7 20. Bf3 Bxf3 21.
Nxf3 Re8 22. Rxd7 Nxd7 23. Rd1 f6 24. Qd2 Nb6 25. Ba3 Kf7 26. Qe3 Bd6 27. Nh4
g6 28. Qh6 Kg8 29. Qd2 Bc7 30. Qe3 Bd6 31. Ng2 Rd8 32. h4 Re8 33. Qd2 Bc7 34.
Qe3 Bd6 35. Ne1 Kg7 36. Nd3 Rd8 37. Re1 Nd7 38. Nf4 Nb6 39. h5 Re8 40. Ng2 g5
41. Qe4 f5 42. Qxf5 Rf8 43. Qg4 Qf6 44. Re2 Rf7 45. Ne3 Kh6 46. Qe4 Kg7 47. g4
Qf4 48. Qxf4 Rxf4 49. Nf5+ Rxf5 50. gxf5 Kf6 51. Rd2 Be7 52. Kg2 Kxf5 53. Kg3
h6 54. Bb2 Ke6 55. Kg4 Nd7 56. Rxd7 Kxd7 57. Kf5 Bf8 58. Bxe5 1-0

[Event "DVM U20 2013"]
[Site "Osnabrück GER"]
[Date "2013.12.29"]
[Round "5"]
[White "Wanner, Lukas"]
[Black "Stephan, Michael"]
[Result "0-1"]
[Termination "normal"]
[Board "4.4"]
[WhiteElo "1729"]
[BlackElo "1863"]
[WhiteTeam "SK Doppelbauer Kiel"]
[BlackTeam "SC Forchheim"]
[WhiteFideId "12918148"]
[BlackFideId "24656852"]
[EventCountry "GER"]
[EventRounds "7"]
[EventType "team-swiss"]
[EventDate "2013.12.26"]

1. d4 Nf6 2. Nf3 b6 3. e3 Bb7 4. Bd3 g6 5. Nbd2 c5 6. O-O Bg7 7. b3 O-O 8. Bb2
d6 9. c4 Nbd7 10. Re1 Re8 11. Nf1 Qc7 12. Rc1 Rad8 13. Qe2 h6 14. Bb1 Nh7 15.
h4 Ndf8 16. e4 e5 17. dxe5 dxe5 18. Ne3 Ne6 19. Nd5 Qb8 20. h5 Nd4 21. Qe3 Qd6
22. hxg6 fxg6 23. Bd3 Nf6 24. Bf1 Rf8 25. Rcd1 Qe6 26. Rd2 Rf7 27. Nh2 Rdf8 28.
f3 Nh5 29. b4 Kh7 30. bxc5 bxc5 31. Ba3 Qc8 32. Rb1 Nf4 33. Rdb2 h5 34. Qe1 Bh6
35. Kh1 Nfe6 36. Bd3 Bc6 37. Qa5 Qd8 38. Qxd8 Rxd8 39. Nf1 Rff8 40. Bc2 Rc8 41.
Nfe3 Rf7 42. Nd1 g5 43. N1e3 h4 44. Nf5 Nxc2 45. Rxc2 Nd4 46. Nxd4 cxd4 47.
Rcb2 g4 48. fxg4 Rg8 49. Ne7 Rxe7 50. Bxe7 Bxe4 51. Re1 Rxg4 52. Kh2 Bf4+ 53.
Kh3 Bf5 54. Bb4 Rg6+ 55. g4 Rxg4 56. Ree2 Rg3+ 57. Kh2 Rg4+ 58. Kh3 Rg6+ 0-1

[Event "DVM U20 2013"]
[Site "Osnabrück GER"]
[Date "2013.12.29"]
[Round "5"]
[White "Wagner, Robert"]
[Black "Rieper, Julian"]
[Result "1/2-1/2"]
[Termination "normal"]
[Board "4.5"]
[WhiteElo "1848"]
[BlackElo "1674"]
[WhiteTeam "SC Forchheim"]
[BlackTeam "SK Doppelbauer Kiel"]
[WhiteFideId "24656879"]
[BlackFideId "12936960"]
[EventCountry "GER"]
[EventRounds "7"]
[EventType "team-swiss"]
[EventDate "2013.12.26"]

1. d4 d5 2. c4 c6 3. Nf3 Nf6 4. e3 e6 5. Bd3 Nbd7 6. Nc3 Bd6 7. e4 dxe4 8. Nxe4
Nxe4 9. Bxe4 Nf6 10. Bc2 O-O 11. O-O c5 12. Bg5 h6 13. Bh4 cxd4 14. Qxd4 Be7
15. Qc3 Nd5 16. cxd5 Bxh4 17. Qd3 g6 18. dxe6 Bxe6 19. Qe3 Bg5 20. Nxg5 Qxg5
21. Qxg5 hxg5 22. Rfe1 Bd5 23. Be4 Rad8 24. Bxd5 Rxd5 25. Re7 Rfd8 26. Rae1 Rd1
27. Kf1 R8d7 28. Re8+ Kg7 29. R8e2 R7d2 30. f3 a6 31. Kf2 b6 32. Rxd1 Rxd1 33.
Rc2 Rd6 34. Ke3 Kf6 35. Rc7 Ke6 36. Ra7 b5 37. Rc7 Kf6 38. Rc2 Ke6 39. Ke4 Kf6
40. b3 Ke6 41. Ke3 Kf6 42. Rc5 Re6+ 43. Kd3 Re5 44. Rc6+ Re6 45. Rxe6+ Kxe6 46.
Kd4 Kd6 47. b4 f6 48. Ke4 Ke6 49. g3 Kd6 50. Kd4 Kc6 51. h4 Kd6 52. hxg5 fxg5
53. a3 g4 54. f4 Ke6 55. Kc5 Kf5 56. Kd5 Kf6 57. Kd6 Kf5 58. Kd5 Kf6 1/2-1/2

[Event "DVM U20 2013"]
[Site "Osnabrück GER"]
[Date "2013.12.29"]
[Round "5"]
[White "Petersen, Finn Christopher"]
[Black "Wichmann, Adrian"]
[Result "1/2-1/2"]
[Termination "normal"]
[Board "4.6"]
[WhiteElo "1612"]
[BlackElo "1786"]
[WhiteTeam "SK Doppelbauer Kiel"]
[BlackTeam "SC Forchheim"]
[WhiteFideId "12964840"]
[BlackFideId "12904708"]
[EventCountry "GER"]
[EventRounds "7"]
[EventType "team-swiss"]
[EventDate "2013.12.26"]

1. e4 c5 2. Nc3 e6 3. Nf3 Nc6 4. d4 cxd4 5. Nxd4 a6 6. Be3 Nge7 7. Be2 g6 8.
O-O Bg7 9. Qd2 O-O 10. Nf3 f5 11. Bh6 b5 12. a3 Qc7 13. Rfd1 e5 14. Bxg7 Kxg7
15. Qd6 Qxd6 16. Rxd6 fxe4 17. Nxe4 Nf5 18. Rd5 Nfe7 19. Rd6 Nf5 20. Rd5 Nfe7
1/2-1/2

[Event "DVM U20 2013"]
[Site "Osnabrück GER"]
[Date "2013.12.29"]
[Round "5"]
[White "Bräuer, Franz"]
[Black "Mao, Kevin"]
[Result "1/2-1/2"]
[Termination "normal"]
[Board "5.1"]
[WhiteElo "2295"]
[BlackElo "1951"]
[WhiteTeam "Erfurter Schachklub"]
[BlackTeam "SK Gernsheim"]
[WhiteFideId "24634468"]
[BlackFideId "1271183"]
[EventCountry "GER"]
[EventRounds "7"]
[EventType "team-swiss"]
[EventDate "2013.12.26"]

1. e4 c5 2. Nf3 a6 3. c3 Nf6 4. e5 Nd5 5. d4 e6 6. Bd3 d6 7. O-O dxe5 8. Nxe5
Nc6 9. Nxc6 bxc6 10. c4 Nf6 11. dxc5 Bxc5 12. Qf3 O-O 13. Nc3 Qc7 14. Bg5 Be7
15. Ne4 Nxe4 16. Bxe7 Qxe7 17. Qxe4 g6 18. Qxc6 Rb8 19. Qa4 Rxb2 20. Rab1 Rd2
21. Be4 Rfd8 22. Bf3 Qc5 23. a3 R8d4 24. Rb8 Kg7 25. Qc6 Qxc6 26. Bxc6 Rxc4 27.
Rxc8 Rdc2 28. f4 Rxc6 29. Rxc6 Rxc6 30. Rf3 Rc2 31. Re3 Ra2 32. h3 a5 33. Kh2
a4 34. Rd3 Kf6 35. Rc3 h5 36. Kg1 h4 37. Kh2 Ra1 38. Rd3 Kf5 39. Rc3 f6 40.
Rc5+ e5 41. fxe5 fxe5 42. Rc3 e4 43. g3 Ra2+ 44. Kg1 hxg3 45. Rxg3 g5 46. Rc3
Kf4 47. Kf1 e3 48. Rc8 Rxa3 49. Rf8+ Kg3 50. Rg8 Kxh3 51. Rxg5 Rc3 52. Ke2 a3
53. Rg7 Rc1 54. Ra7 Ra1 55. Kf3 Kh4 56. Kf4 Kh5 57. Kxe3 a2 58. Kf2 Kg6 59. Kg2
Kf6 1/2-1/2

[Event "DVM U20 2013"]
[Site "Osnabrück GER"]
[Date "2013.12.29"]
[Round "5"]
[White "Friedt, Marius"]
[Black "Müller, Markus"]
[Result "1/2-1/2"]
[Termination "normal"]
[Board "5.3"]
[WhiteElo "1920"]
[BlackElo "1807"]
[WhiteTeam "Erfurter Schachklub"]
[BlackTeam "SK Gernsheim"]
[WhiteFideId "4642830"]
[BlackFideId "24660590"]
[EventCountry "GER"]
[EventRounds "7"]
[EventType "team-swiss"]
[EventDate "2013.12.26"]

1. e4 c5 2. Nf3 a6 3. d3 b5 4. g3 Bb7 5. Bg2 g6 6. O-O Bg7 7. Re1 d6 8. Nbd2
Qc7 9. Nf1 e5 10. h4 Ne7 11. N1h2 O-O 12. h5 f5 13. Ng5 Qc8 14. hxg6 hxg6 15.
Bh3 Rf6 16. exf5 gxf5 17. Qh5 Qc6 18. Nhf3 Nd7 19. Bg2 Qc7 20. Nh7 Re6 21. Nfg5
Rg6 22. Bh3 Qc6 23. f3 Nf6 24. Nxf6+ Rxf6 25. Qh7+ Kf8 26. Qh5 Kg8 1/2-1/2

[Event "DVM U20 2013"]
[Site "Osnabrück GER"]
[Date "2013.12.29"]
[Round "5"]
[White "Fornoff, Robin"]
[Black "Hoffmann, Sascha"]
[Result "1-0"]
[Termination "normal"]
[Board "5.4"]
[WhiteElo "1912"]
[BlackElo "1697"]
[WhiteTeam "SK Gernsheim"]
[BlackTeam "Erfurter Schachklub"]
[WhiteFideId "24698890"]
[BlackFideId "24668931"]
[EventCountry "GER"]
[EventRounds "7"]
[EventType "team-swiss"]
[EventDate "2013.12.26"]

1. e4 c5 2. Nc3 Nc6 3. d3 g6 4. Be3 d6 5. d4 cxd4 6. Bxd4 Nf6 7. Bxf6 exf6 8.
Bb5 Bg7 9. Qd3 O-O 10. O-O-O Ne5 11. Qxd6 Qxd6 12. Rxd6 f5 13. Nge2 a6 14. Bd3
fxe4 15. Nxe4 Be6 16. N2c3 Nc6 17. f4 Rfd8 18. Rd1 Bf8 19. Rxd8 Rxd8 20. Ng5
Bg4 21. Re1 h6 22. Nge4 Kg7 23. h3 Be6 24. g4 Nd4 25. a3 f5 26. gxf5 Bxf5 27.
Nf2 Bd6 28. Kb1 Rd7 29. Bxf5 Nxf5 30. Nd3 Re7 31. Re4 Ng3 32. Rxe7+ Bxe7 33.
Kc1 Bd6 34. Kd2 Kf6 35. Ke3 Kf5 36. Kf3 Nh5 37. Ne2 Ng7 38. c4 Ne6 39. Ng3+ Kf6
40. Ne4+ Ke7 41. Nxd6 Kxd6 42. Ke4 Ng7 43. b4 Nf5 44. Ne5 Ng3+ 45. Kf3 Nf1 46.
c5+ Ke6 47. Nxg6 Nd2+ 48. Kg4 Nb1 49. a4 Nc3 50. f5+ Kf6 51. Nf4 Nxa4 52. Nd5+
Kf7 53. Kh5 Nb2 54. Kxh6 Nc4 55. Kg5 a5 56. h4 a4 57. h5 a3 58. Nc3 Ne5 59. h6
Nf3+ 60. Kf4 Ng1 61. Ke5 Ne2 62. Na2 Ng3 63. b5 1-0

[Event "DVM U20 2013"]
[Site "Osnabrück GER"]
[Date "2013.12.29"]
[Round "5"]
[White "Reichardt, Albert"]
[Black "Rothermel, Tim"]
[Result "1-0"]
[Termination "normal"]
[Board "5.5"]
[WhiteElo "1629"]
[BlackElo "1759"]
[WhiteTeam "Erfurter Schachklub"]
[BlackTeam "SK Gernsheim"]
[WhiteFideId "12927821"]
[BlackFideId "24660647"]
[EventCountry "GER"]
[EventRounds "7"]
[EventType "team-swiss"]
[EventDate "2013.12.26"]

1. e4 c5 2. Nf3 Nc6 3. d4 cxd4 4. Nxd4 e5 5. Nb5 d6 6. N1c3 a6 7. Na3 b5 8. Nd5
Rb8 9. c3 f5 10. exf5 Bxf5 11. Qf3 Be6 12. Nf6+ Nxf6 13. Qxc6+ Bd7 14. Qxa6 b4
15. cxb4 Rxb4 16. Be2 Rb6 17. Qd3 d5 18. O-O Bc5 19. Kh1 O-O 20. f3 Kh8 21. Bg5
Nh5 22. Bxd8 Ng3+ 23. hxg3 Rxd8 24. Qd2 Rg8 25. g4 1-0

[Event "DVM U20 2013"]
[Site "Osnabrück GER"]
[Date "2013.12.29"]
[Round "5"]
[White "Borowski, Tim"]
[Black "Meichsner, Marwin"]
[Result "1-0"]
[Termination "normal"]
[Board "5.6"]
[WhiteElo "1353"]
[BlackElo "1515"]
[WhiteTeam "SK Gernsheim"]
[BlackTeam "Erfurter Schachklub"]
[WhiteFideId "24698962"]
[BlackFideId "12927830"]
[EventCountry "GER"]
[EventRounds "7"]
[EventType "team-swiss"]
[EventDate "2013.12.26"]

1. e4 c5 2. Nc3 Nc6 3. d3 g6 4. Be3 d6 5. d4 cxd4 6. Bxd4 Nxd4 7. Qxd4 e5 8.
Bb5+ Bd7 9. Qd3 a6 10. Bxd7+ Qxd7 11. Nd5 Bg7 12. Nb6 Qd8 13. Nxa8 Qxa8 14.
Qxd6 Qd8 15. Qxd8+ Kxd8 16. O-O-O+ Ke7 17. Rd3 Nf6 18. f3 Rc8 19. Ne2 Rc7 20.
Nc3 b5 21. Nd5+ Nxd5 22. Rxd5 Rd7 23. Rxd7+ Kxd7 24. Rd1+ Ke7 25. c3 f5 26. Kc2
Bf6 27. Kb3 a5 28. a4 1-0

[Event "DVM U20 2013"]
[Site "Osnabrück GER"]
[Date "2013.12.29"]
[Round "5"]
[White "Reisberg, Andre"]
[Black "Wenninger, Philipp"]
[Result "0-1"]
[Termination "normal"]
[Board "6.2"]
[WhiteElo "1994"]
[BlackElo "2239"]
[WhiteTeam "SF Dortmund-Brackel 1930"]
[BlackTeam "SC Erlangen"]
[WhiteFideId "1270630"]
[BlackFideId "4648404"]
[EventCountry "GER"]
[EventRounds "7"]
[EventType "team-swiss"]
[EventDate "2013.12.26"]

1. d4 Nf6 2. c4 c6 3. Nc3 d5 4. Nf3 a6 5. c5 Bg4 6. Ne5 Bf5 7. f3 g6 8. e4 Be6
9. Be3 Bg7 10. Be2 O-O 11. O-O Ne8 12. b4 dxe4 13. fxe4 Bxe5 14. dxe5 Nd7 15.
Bf4 b6 16. Na4 bxc5 17. Nxc5 Nxc5 18. Qxd8 Rxd8 19. bxc5 Nc7 20. Be3 Rb8 21.
Rfb1 Nb5 22. Kf2 Nc3 23. Rxb8 Rxb8 24. Bxa6 Nxa2 25. Bg5 Kf8 26. Bd3 Rb2+ 27.
Kg1 Ke8 28. Rb1 Rxb1+ 29. Bxb1 Nb4 30. Bd2 Na6 31. Be3 Bc4 32. Kf2 Kd7 33. Bd4
Ke6 34. Bc2 Kd7 35. Ke3 Nc7 36. Bd1 h5 37. g4 h4 38. g5 Be6 39. Kf4 Bh3 40.
Bg4+ Bxg4 41. Kxg4 Ne6 42. Be3 Nf8 43. Kxh4 Ke6 44. Bd4 Nd7 45. Kg4 Nxe5+ 46.
Kf4 Nd3+ 47. Ke3 Nc1 48. Bb2 Nb3 49. Ba3 Na5 50. Kd4 Kd7 51. Bb4 Nb7 52. Ke5
Nd8 53. Bd2 Ne6 54. Be3 Kc7 55. h4 Ng7 56. Kd4 Kb7 57. Kc4 Ka6 58. Bd2 Nh5 59.
Be1 Kb7 60. Bf2 Ka7 61. Be1 Ka6 62. Bf2 Ka5 63. Be1+ Ka4 64. Bf2 Nf4 65. Bg3
Ne6 66. Be1 Nf8 67. Bc3 Ka3 68. Ba5 Ne6 69. Bc3 Ka2 70. Kb4 Kb1 71. Be1 Kc2 72.
Kc4 Kd1 73. Ba5 Ke2 74. Bc3 Ke3 75. e5 Ke4 76. Bb2 Nf4 77. Bc3 e6 0-1

[Event "DVM U20 2013"]
[Site "Osnabrück GER"]
[Date "2013.12.29"]
[Round "5"]
[White "Zhao, Kevin"]
[Black "Schwiddessen, Jan"]
[Result "1-0"]
[Termination "normal"]
[Board "6.3"]
[WhiteElo "1867"]
[BlackElo "1877"]
[WhiteTeam "SC Erlangen"]
[BlackTeam "SF Dortmund-Brackel 1930"]
[WhiteFideId "1271884"]
[BlackFideId "1270631"]
[EventCountry "GER"]
[EventRounds "7"]
[EventType "team-swiss"]
[EventDate "2013.12.26"]

1. e4 c5 2. Nf3 d6 3. d4 cxd4 4. Nxd4 Nf6 5. Nc3 a6 6. Be2 e5 7. Nb3 Be7 8. O-O
Be6 9. f4 exf4 10. Bxf4 Nc6 11. Kh1 O-O 12. Qe1 Ne5 13. Rd1 Qc7 14. Qg3 Rfd8
15. Nd4 Rac8 16. Nxe6 fxe6 17. Qh3 Kf7 18. Bxe5 dxe5 19. Qxh7 Rh8 20. Bh5+ 1-0

[Event "DVM U20 2013"]
[Site "Osnabrück GER"]
[Date "2013.12.29"]
[Round "5"]
[White "Tekin, Baran"]
[Black "Wegmann, Sven"]
[Result "1-0"]
[Termination "normal"]
[Board "6.4"]
[WhiteElo "1779"]
[BlackElo "1683"]
[WhiteTeam "SF Dortmund-Brackel 1930"]
[BlackTeam "SC Erlangen"]
[WhiteFideId "12945633"]
[BlackFideId "1270756"]
[EventCountry "GER"]
[EventRounds "7"]
[EventType "team-swiss"]
[EventDate "2013.12.26"]

1. d4 d5 2. Nf3 e6 3. c4 c5 4. cxd5 exd5 5. Nc3 Nf6 6. Bg5 cxd4 7. Nxd4 Bc5 8.
e3 Nc6 9. Bb5 Bd7 10. O-O Be7 11. Bxf6 Bxf6 12. Nxd5 O-O 13. Bxc6 Bxc6 14. Nxc6
bxc6 15. Nxf6+ Qxf6 16. Qc2 Rab8 17. b3 Rfd8 18. Rac1 Rbc8 19. Qc3 Qd6 20. g3
Qa3 21. Qc2 g6 22. Rfd1 Rxd1+ 23. Rxd1 Qe7 24. Rd4 Qe6 25. Qc5 Rc7 26. Rd8+ Kg7
27. Qf8+ Kf6 28. Rd6 Re7 29. Rxe6+ Kxe6 30. Qc8+ Kd6 31. Kf1 f6 32. Ke2 a5 33.
Qd8+ 1-0

[Event "DVM U20 2013"]
[Site "Osnabrück GER"]
[Date "2013.12.29"]
[Round "5"]
[White "Karataev, Phillip"]
[Black "Raschkowski, Alexander"]
[Result "1/2-1/2"]
[Termination "normal"]
[Board "6.5"]
[WhiteElo "1652"]
[BlackElo "1748"]
[WhiteTeam "SC Erlangen"]
[BlackTeam "SF Dortmund-Brackel 1930"]
[WhiteFideId "12908975"]
[BlackFideId "12964263"]
[EventCountry "GER"]
[EventRounds "7"]
[EventType "team-swiss"]
[EventDate "2013.12.26"]

1. e4 d5 2. exd5 Nf6 3. d4 Nxd5 4. c4 Nb6 5. Nf3 g6 6. Be2 Bg7 7. O-O O-O 8.
Nc3 c6 9. a4 a5 10. h3 Na6 11. c5 Nd5 12. Qb3 Nab4 13. Nxd5 Qxd5 14. Bc4 Qf5
15. Be3 Qc2 16. Rad1 Bf5 17. Rd2 Qxb3 18. Bxb3 e6 19. Rfd1 h6 20. Ne5 Nd5 21.
Nc4 Rfb8 22. Nd6 Bf8 23. Bxd5 cxd5 24. g4 Bxd6 25. cxd6 Be4 26. Bxh6 Rd8 27.
Rf1 Bf3 28. Bf4 Rac8 29. Kh2 Rc4 30. Kg3 Be4 31. f3 Bc2 32. Rc1 Bxa4 33. Ra1 b6
34. Ra3 Bc2 35. h4 a4 36. Rxc2 Rxc2 37. Rxa4 Rc6 38. Ra7 Rcxd6 39. Bxd6 Rxd6
40. Rc7 Kg7 41. Kf4 Kf6 42. b4 Rd8 43. b5 Rh8 44. Kg3 Ra8 45. Rb7 Ra4 46. Rxb6
Rxd4 47. Rc6 Rb4 48. b6 d4 49. Kf4 d3+ 50. Ke3 Rb3 51. f4 Kg7 52. Rd6 Kf6 53.
Kd4 Ke7 54. Kc4 Rb2 55. Kc3 Rb1 56. Rxd3 Rxb6 1/2-1/2

[Event "DVM U20 2013"]
[Site "Osnabrück GER"]
[Date "2013.12.29"]
[Round "5"]
[White "Gesinghaus, Dustin"]
[Black "Wegmann, Simon"]
[Result "1-0"]
[Termination "normal"]
[Board "6.6"]
[WhiteElo "1716"]
[BlackElo "1705"]
[WhiteTeam "SF Dortmund-Brackel 1930"]
[BlackTeam "SC Erlangen"]
[WhiteFideId "12964271"]
[BlackFideId "1270758"]
[EventCountry "GER"]
[EventRounds "7"]
[EventType "team-swiss"]
[EventDate "2013.12.26"]

1. e4 e5 2. f4 exf4 3. Nf3 Be7 4. Bc4 Nc6 5. O-O d6 6. d4 h5 7. Bxf4 Na5 8. Bd3
Bg4 9. h3 Bxf3 10. Qxf3 Qd7 11. Bd2 Nc6 12. Qxf7+ Kd8 13. Qxg7 Bf6 14. Qf8+ Qe8
15. Rxf6 Nxf6 16. Qxf6+ Kc8 17. Bb5 Rg8 18. Nc3 a6 19. Bc4 Rg6 20. Qf5+ 1-0

[Event "DVM U20 2013"]
[Site "Osnabrück GER"]
[Date "2013.12.29"]
[Round "5"]
[White "Schröder, Kevin"]
[Black "Rau, Nikita"]
[Result "1-0"]
[Termination "normal"]
[Board "7.1"]
[WhiteElo "2129"]
[BlackElo "1941"]
[WhiteTeam "LSV Turm Lippstadt"]
[BlackTeam "Hagener SV"]
[WhiteFideId "12929840"]
[BlackFideId "12902543"]
[EventCountry "GER"]
[EventRounds "7"]
[EventType "team-swiss"]
[EventDate "2013.12.26"]

1. e4 c5 2. Nf3 d6 3. c3 Nf6 4. Be2 Nc6 5. d4 cxd4 6. cxd4 e6 7. Nc3 Be7 8. O-O
O-O 9. Bd3 e5 10. d5 Nb4 11. Be2 Na6 12. Ne1 Nc5 13. f3 Nh5 14. Be3 Nf4 15.
Bxc5 dxc5 16. Nd3 Nxd3 17. Bxd3 a6 18. f4 Bd6 19. a4 exf4 20. e5 Bxe5 21. Bxh7+
Kh8 22. Qh5 Bd4+ 23. Kh1 Bg4 24. Qxg4 Kxh7 25. Rxf4 g6 26. Ne4 Qxd5 27. Qh4+
Kg7 28. Nf6 1-0